000 00555nam a2200229Ia 4500
005 20250425162630.0
008 250425s9999 xx 000 0 und d
020 _a9788483228173
041 _aspa
082 _a337
100 _aKRUGMAN, PAUL R.
245 0 _aECONOMIA INTERNACIONAL: TEORIA Y POLITICA
250 _a9A ED.
260 _aEspaƱa
_bPEARSON
_c2012
260 _aMADRID
300 _a752
650 _aECONOMIA INTERNACIONAL
650 _aPOLITICA COMERCIAL
650 _aPOLITICA ECONOMICA
942 _c01
010 _a91549
999 _c233239
_d233239